Changing pattern of capital markets in India: (Record no. 17770)
[ view plain ]
| 000 -LEADER | |
|---|---|
| fixed length control field | 00842nam a22002177a 4500 |
| 005 - DATE AND TIME OF LATEST TRANSACTION | |
| control field | 2008102009269.0 |
| 008 - FIXED-LENGTH DATA ELEMENTS--GENERAL INFORMATION | |
| fixed length control field | 081020t xxu||||| |||| 00| 0 eng d |
| 010 ## - LIBRARY OF CONGRESS CONTROL NUMBER | |
| LC control number | ENG-84462 |
| 020 ## - INTERNATIONAL STANDARD BOOK NUMBER | |
| International Standard Book Number | 8178842998 |
| 020 ## - INTERNATIONAL STANDARD BOOK NUMBER | |
| Terms of availability | 800.00 (hb) |
| 035 ## - SYSTEM CONTROL NUMBER | |
| System control number | EN-67995 |
| 082 ## - DEWEY DECIMAL CLASSIFICATION NUMBER | |
| Classification number | 332.041 / RED |
| 100 ## - MAIN ENTRY--PERSONAL NAME | |
| Personal name | Reddy, Gaddam Naresh |
| 245 ## - TITLE STATEMENT | |
| Title | Changing pattern of capital markets in India: |
| Remainder of title | an analytical study / |
| Statement of responsibility, etc | by Gaddam Naresh Reddy |
| 260 ## - PUBLICATION, DISTRIBUTION, ETC. (IMPRINT) | |
| Place of publication, distribution, etc | New Delhi |
| Name of publisher, distributor, etc | Cyber Tech Publications |
| Place of manufacture | 4264/3, Ansari Road, Daryaganj, New Delhi-110002 |
| 260 ## - PUBLICATION, DISTRIBUTION, ETC. (IMPRINT) | |
| Date of publication, distribution, etc | 2007 |
| 300 ## - PHYSICAL DESCRIPTION | |
| Extent | xix,328p |
| Dimensions | 22cm |
| 500 ## - GENERAL NOTE | |
| General note | Includes bibliographical references |
| 942 ## - ADDED ENTRY ELEMENTS (KOHA) | |
| Source of classification or shelving scheme | Dewey Decimal Classification |
| Koha item type | English Books |
| Classification part | 332.041 |
| Call number suffix | RED |
| Withdrawn status | Lost status | Source of classification or shelving scheme | Damaged status | Not for loan | Home library | Current library | Date acquired | Cost, normal purchase price | Total Checkouts | Full call number | Barcode | Date last seen | Copy number | Cost, replacement price | Price effective from | Koha item type |
|---|---|---|---|---|---|---|---|---|---|---|---|---|---|---|---|---|
| Dewey Decimal Classification | Not For Loan | D.B.Act.Division | D.B.Act.Division | 05/03/2007 | 800.00 | 332.041 RED | EN-67995 | 04/11/2008 | 1 | 800.00 | 04/11/2008 | English Books |
